Architecture in Finland in the 20th century (Record no. 34785)

MARC details
000 -LEADER
fixed length control field 00523nam a2200133 a 4500
008 - FIXED-LENGTH DATA ELEMENTS--GENERAL INFORMATION
fixed length control field 120416s1981 ||||||||||||||||| || u
050 ## - LIBRARY OF CONGRESS CALL NUMBER
Classification number NA 3571.F5 Mik
100 ## - MAIN ENTRY--PERSONAL NAME
Personal name Mikkola, Kirmo
245 10 - TITLE STATEMENT
Title Architecture in Finland in the 20th century
260 ## - PUBLICATION, DISTRIBUTION, ETC.
Place of publication, distribution, etc. Helsinki
Name of publisher, distributor, etc. Finnish-American Cultural Institute
Date of publication, distribution, etc. 1981
300 ## - PHYSICAL DESCRIPTION
Extent 80p. : ill.
350 ## - PRICE (NR) (BK AM CF MU VM SE) [OBSOLETE]
Price 0.00
995 ## - RECOMMENDATION 995 [LOCAL, UNIMARC FRANCE]
-- 0.00
-- CBU-MAIN LIBRARY (Kitwe)
-- 1
-- 0.00
-- 1
-- WEEDED
-- Aug 30, 2017
-- Main Library Open Access Collection
Holdings
Withdrawn status Lost status Source of classification or shelving scheme Damaged status Not for loan Home library Current library Shelving location Date acquired Total Checkouts Full call number Barcode Date last seen Price effective from Koha item type
          CBU-MAIN LIBRARY, KITWE. CBU-MAIN LIBRARY, KITWE.   11/30/2022   NA 3571.F5 Mik 009992 11/30/2022 11/30/2022 MONOGRAPH